[Event "POL-ch U16 Girls"]
[Site "Szczyrk"]
[Date "2013.??.??"]
[Round "6"]
[White "Binkowska, Agata"]
[Black "Szablicka, Magda"]
[Result "1/2-1/2"]
[WhiteElo "1637"]
[BlackElo "1451"]
[PlyCount "112"]
[EventDate "2013.03.17"]
[EventType "swiss"]
[EventRounds "9"]
[EventCountry "POL"]
[SourceTitle "CBM 153 Extra"]
[Source "ChessBase"]
[SourceDate "2013.04.22"]
[SourceVersion "1"]
[SourceVersionDate "2013.04.22"]
[SourceQuality "1"]

1. e4 e5 2. Nf3 Nc6 3. c3 Nf6 4. d4 Nxe4 5. d5 Ne7 6. Nxe5 Ng6 7. Qd4 Nxe5 8. Qxe4 Qe7 9. Bf4 d6 10. Nd2 Ng6 11. Bb5+ Bd7 12. Bxd7+ Kxd7 13. Be3 Qxe4 14. Nxe4 Re8 15. Ng5 Be7 16. Nh3 Bf6 17. 0-0-0 h6 18. Rhe1 Re7 19. Ng1 Rhe8 20. Nf3 a6 21. Kd2 Ne5 22. Nxe5+ Rxe5 23. Kc2 Bg5 24. Rd3 Bxe3 25. Rdxe3 Rxe3 26. fxe3 Re5 27. c4 f5 28. Kd3 c6 29. dxc6+ Kxc6 30. Rf1 g6 31. Rf3 Kc5 32. Rh3 h5 33. a3 a5 34. Rh4 b6 35. Rd4 a4 36. h3 Kc6 37. Rh4 Kc5 38. Rd4 Kc6 39. c5 dxc5 40. Rxa4 Rd5+ 41. Ke2 Kb5 42. b3 Rd6 43. g4 hxg4 44. hxg4 Re6 45. gxf5 gxf5 46. Rf4 Re5 47. Kd3 Rd5+ 48. Kc3 Re5 49. Rf3 Kc6 50. a4 Kd5 51. Kd3 Kc6 52. Rh3 Re6 53. Rh8 Rd6+ 54. Ke2 Rd5 55. Rf8 Kc7 56. Rf7+ Kc6 1/2-1/2

[Event "POL-ch U16 Girls"]
[Site "Szczyrk"]
[Date "2013.??.??"]
[Round "8"]
[White "Wicikowska, Agata"]
[Black "Szablicka, Magda"]
[Result "1-0"]
[WhiteElo "1495"]
[BlackElo "1451"]
[PlyCount "120"]
[EventDate "2013.03.17"]
[EventType "swiss"]
[EventRounds "9"]
[EventCountry "POL"]
[SourceTitle "CBM 153 Extra"]
[Source "ChessBase"]
[SourceDate "2013.04.22"]
[SourceVersion "1"]
[SourceVersionDate "2013.04.22"]
[SourceQuality "1"]

1. e4 e5 2. Nf3 Nc6 3. Nc3 Bc5 4. Nxe5 Nxe5 5. d4 Bxd4 6. Qxd4 Nc6 7. Qxg7 Qf6 8. Qg3 Nb4 9. Bd3 Nxd3+ 10. cxd3 c6 11. 0-0 Ne7 12. Bg5 Qe6 13. Bxe7 Qxe7 14. f4 b6 15. f5 Ba6 16. Rf3 0-0-0 17. f6 Qb4 18. Qf2 Rdg8 19. Rd1 Rg6 20. Rd2 Rhg8 21. Rg3 Qd6 22. Ne2 Rxg3 23. Nxg3 Rg6 24. Nh5 Rh6 25. g4 Qe6 26. h3 Qxa2 27. Qe3 Rg6 28. e5 h6 29. Ng7 Bb7 30. Kf2 c5 31. Nf5 Ba8 32. Ne7+ Kc7 33. Nxg6 fxg6 34. Qg3 Kc8 35. Ke2 Qd5 36. h4 c4 37. Rc2 b5 38. b3 Kd8 39. bxc4 bxc4 40. Rxc4 Qb5 41. Qf4 Qb2+ 42. Ke3 Qb1 43. Kd2 Qa2+ 44. Rc2 Qd5 45. Ke3 Qh1 46. f7 Qe1+ 47. Re2 Qc1+ 48. Rd2 Qe1+ 49. Kd4 Qa1+ 50. Kc5 Qc3+ 51. Qc4 Qa3+ 52. Kd4 Qa1+ 53. Ke3 Qe1+ 54. Re2 Qg3+ 55. Kd2 Qf3 56. e6 dxe6 57. Rxe6 Qxf7 58. Rd6+ Ke8 59. Qc8+ Ke7 60. Rd7+ Kf6 1-0

[Event "POL Region-ch U15 Girls"]
[Site "Szczyrk"]
[Date "2012.10.21"]
[Round "5.2"]
[White "Kaszok, Weronika"]
[Black "Szablicka, Magda"]
[Result "0-1"]
[WhiteElo "1386"]
[BlackElo "1443"]
[PlyCount "90"]
[EventDate "2012.10.14"]
[EventType "tourn"]
[EventRounds "8"]
[EventCountry "POL"]
[SourceTitle "EXT 2023"]
[Source "ChessBase"]
[SourceDate "2022.10.05"]
[SourceVersion "1"]
[SourceVersionDate "2022.10.05"]
[SourceQuality "1"]

1. e4 e5 2. Nf3 Nc6 3. d4 exd4 4. Nxd4 Nxd4 5. Qxd4 Qe7 6. Be3 Qb4+ 7. Qxb4 Bxb4+ 8. c3 Ba5 9. Bc4 Ne7 10. 0-0 0-0 11. Nd2 d6 12. Rad1 Be6 13. Bb3 Bb6 14. Bd4 Nc6 15. Nc4 Rfe8 16. Rfe1 h6 17. Kh1 Bxc4 18. Bxc4 Nxd4 19. cxd4 Rad8 20. f3 c6 21. d5 Ba5 22. Re2 c5 23. f4 a6 24. a4 Rb8 25. Rf1 b5 26. axb5 axb5 27. Ba2 c4 28. Rc1 f6 29. h4 h5 30. Kh2 Kh8 31. Kh3 g6 32. Rce1 Rbc8 33. g4 Rc5 34. f5 gxf5 35. gxf5 c3 36. b3 b4 37. Bb1 Bb6 38. Rc1 Rc7 39. Rg2 Rg8 40. Rcc2 Bd4 41. Rxg8+ Kxg8 42. Ra2 Be5 43. Bc2 Rg7 44. Bd1 Rg3+ 45. Kh2 Rd3+ 0-1

[Event "POL Region-ch U15 Girls"]
[Site "Szczyrk"]
[Date "2012.10.21"]
[Round "7.3"]
[White "Sendobry, Anna"]
[Black "Szablicka, Magda"]
[Result "0-1"]
[WhiteElo "1328"]
[BlackElo "1443"]
[PlyCount "118"]
[EventDate "2012.10.14"]
[EventType "tourn"]
[EventRounds "8"]
[EventCountry "POL"]
[SourceTitle "EXT 2023"]
[Source "ChessBase"]
[SourceDate "2022.10.05"]
[SourceVersion "1"]
[SourceVersionDate "2022.10.05"]
[SourceQuality "1"]

1. e4 e5 2. Nf3 Nc6 3. Bb5 Nf6 4. 0-0 d6 5. Re1 Bd7 6. c3 a6 7. Ba4 b5 8. Bc2 Bg4 9. d4 exd4 10. cxd4 Bxf3 11. gxf3 Rb8 12. Bf4 Be7 13. Kh1 0-0 14. Nc3 Nh5 15. Bg3 Nxg3+ 16. fxg3 Bf6 17. Ne2 Re8 18. a3 Na7 19. Qd3 g6 20. Rad1 c5 21. Qe3 Qb6 22. b4 c4 23. Qd2 Rbc8 24. d5 Bg7 25. Nd4 Qd8 26. Qe3 Qf6 27. Rf1 Qe7 28. Rfe1 Rc7 29. a4 Rec8 30. axb5 Bxd4 31. Qxd4 Nxb5 32. Qb6 Qf6 33. Kg2 Qb2 34. Re2 Nc3 35. Rdd2 Nxe2 36. Rxe2 c3 37. Qxd6 Rb7 38. Qxa6 Rcb8 39. Bd3 Qxb4 40. Qa1 Qd4 41. Qa6 Rb6 42. Qc4 Rb4 43. Qxd4 Rxd4 44. Bc2 Rb2 45. Kf2 Rd2 46. Rxd2 cxd2 47. Ke2 Rxc2 48. Kd1 Ra2 49. d6 Kf8 50. e5 Ke8 51. f4 Kd7 52. h3 h5 53. h4 Ra3 54. Kxd2 Rxg3 55. Ke2 Rh3 56. Kf2 Rxh4 57. Ke3 Rg4 58. Kf3 g5 59. fxg5 Rxg5 0-1

[Event "POL Region-ch U15 Girls"]
[Site "Szczyrk"]
[Date "2012.10.21"]
[Round "4.3"]
[White "Szablicka, Magda"]
[Black "Mielczarek, Joanna"]
[Result "1-0"]
[WhiteElo "1443"]
[BlackElo "1432"]
[PlyCount "67"]
[EventDate "2012.10.14"]
[EventType "tourn"]
[EventRounds "8"]
[EventCountry "POL"]
[SourceTitle "EXT 2023"]
[Source "ChessBase"]
[SourceDate "2022.10.05"]
[SourceVersion "1"]
[SourceVersionDate "2022.10.05"]
[SourceQuality "1"]

1. e4 e5 2. Nf3 Nc6 3. Bc4 Nf6 4. Nc3 Bc5 5. d3 d6 6. Bg5 h6 7. Bxf6 Qxf6 8. Nd5 Qd8 9. Qd2 Bg4 10. a4 Bxf3 11. gxf3 Nd4 12. 0-0-0 Nxf3 13. Qe2 Nd4 14. Qg4 Ne6 15. f4 exf4 16. Nxf4 Be3+ 17. Kb1 Nxf4 18. Qf3 Qd7 19. Qxe3 Ne6 20. b3 0-0-0 21. Qxa7 c6 22. Rdf1 Rdf8 23. Bxe6 Qxe6 24. a5 Qd7 25. Rf2 Kd8 26. Rhf1 f6 27. a6 bxa6 28. Qxa6 Ke7 29. Qa5 Ra8 30. Qc3 Ra6 31. Rxf6 Ke8 32. Rf7 Qg4 33. Rxg7 Qe2 34. Qf6 1-0

[Event "POL-chT U19 2nd League"]
[Site "Borowice"]
[Date "2012.07.27"]
[Round "9"]
[White "Posuniak, Weronika"]
[Black "Szablicka, Magda"]
[Result "1-0"]
[WhiteElo "1503"]
[BlackElo "1492"]
[PlyCount "101"]
[EventDate "2012.07.21"]
[EventType "team-swiss"]
[EventRounds "11"]
[EventCountry "POL"]
[SourceTitle "EXT 2014"]
[Source "ChessBase"]
[SourceDate "2013.11.20"]
[SourceVersion "1"]
[SourceVersionDate "2013.11.20"]
[SourceQuality "1"]
[WhiteTeam "Radom UKS MDK U19"]
[BlackTeam "Cieszyn MUKS SZS U19"]
[WhiteTeamCountry "POL"]
[BlackTeamCountry "POL"]

1. d4 d5 2. e3 Nf6 3. c4 Nc6 4. Nc3 Bf5 5. Qb3 Qd7 6. cxd5 Na5 7. Qb4 b6 8. Bb5 c6 9. dxc6 Nxc6 10. Qc4 Rc8 11. d5 Nxd5 12. Qxd5 Qxd5 13. Nxd5 Be4 14. Nf4 e5 15. f3 exf4 16. fxe4 fxe3 17. Bxe3 Bb4+ 18. Kf2 Ke7 19. Bxc6 Rxc6 20. Rc1 Rf8 21. Ne2 Rf6+ 22. Kg3 Bd6+ 23. Kh3 Rg8 24. Bg5 h5 25. Bxf6+ Kxf6 26. g3 Re8 27. Nc3 g5 28. Rhf1+ Kg6 29. Rcd1 g4+ 30. Kg2 Bb4 31. Nd5 Rxe4 32. Nxb4 Rxb4 33. Rf2 Rb5 34. Rd6+ f6 35. Rdxf6+ Kg5 36. Rf7 Ra5 37. a3 a6 38. h4+ gxh3+ 39. Kxh3 Rb5 40. b4 a5 41. R2f4 a4 42. Ra7 Re5 43. Rxa4 Re1 44. Ra6 Rh1+ 45. Kg2 Ra1 46. Rxb6 Rxa3 47. Rb8 Ra2+ 48. Rf2 Ra4 49. b5 h4 50. gxh4+ Rxh4 51. Rg8+ 1-0

[Event "POL-chT U19 2nd League"]
[Site "Borowice"]
[Date "2012.07.24"]
[Round "5"]
[White "Humin, Julia"]
[Black "Szablicka, Magda"]
[Result "1-0"]
[WhiteElo "1373"]
[BlackElo "1492"]
[PlyCount "67"]
[EventDate "2012.07.21"]
[EventType "team-swiss"]
[EventRounds "11"]
[EventCountry "POL"]
[SourceTitle "EXT 2014"]
[Source "ChessBase"]
[SourceDate "2013.11.20"]
[SourceVersion "1"]
[SourceVersionDate "2013.11.20"]
[SourceQuality "1"]
[WhiteTeam "Bydgoszcz Hetman U19"]
[BlackTeam "Cieszyn MUKS SZS U19"]
[WhiteTeamCountry "POL"]
[BlackTeamCountry "POL"]

1. e4 e5 2. Nf3 Nc6 3. Bb5 d6 4. 0-0 Nf6 5. Re1 Be7 6. c3 0-0 7. h3 a6 8. Ba4 b5 9. Bb3 Be6 10. d4 Bxb3 11. Qxb3 h6 12. Nbd2 Na5 13. Qd1 exd4 14. cxd4 c5 15. Nb3 c4 16. Nxa5 Qxa5 17. Bd2 Qd8 18. Qe2 Nh7 19. e5 d5 20. e6 f6 21. Nh4 Re8 22. Qg4 g5 23. Nf5 Bf8 24. Qh5 Ra7 25. e7 Rexe7 26. Nxe7+ Rxe7 27. Rxe7 Qxe7 28. Qg6+ Bg7 29. Re1 Qa7 30. Re8+ Nf8 31. Bb4 Qf7 32. Rxf8+ Qxf8 33. Bxf8 Kxf8 34. Qf5 1-0